000
00226nam a2200097Ia 4500
001
730090
005
20250826163708.0
008
250824s9999 xx 000 0 und d
245
0
_a
KUŞKU
_c
JEFF ABBOTT
260
_b
MARTI YAYINLARI
999
_c
730090
_d
730090